Du monde clos à l'univers infini (Record no. 35000)

MARC details
000 -LEADER
fixed length control field 00675 a2200229 4500
005 - DATE AND TIME OF LATEST TRANSACTION
control field 20160609155433.0
008 - FIXED-LENGTH DATA ELEMENTS--GENERAL INFORMATION
fixed length control field 100802t xxu||||| |||| 00| 0 eng d
020 ## - NUMERO INTERNATIONAL NORMALISE DES LIVRES
International Standard Book Number 2-07-071278-8
040 ## - SOURCE DU CATALOGAGE
Original cataloging agency BUAC
041 ## - CODE DE LANGUE
Language code of text/sound track or separate title Fr.
082 ## - DEWEY DECIMAL CLASSIFICATION NUMBER
Classification number 140.8
100 ## - VEDETTE PRINCIPALE - NOM DE PERSONNE
Personal name Koyré, Alexandre
9 (RLIN) 7813
245 ## - TITLE STATEMENT
Title Du monde clos à l'univers infini
Statement of responsibility, etc / Alexandre Koyré ; trad. de l'anglais par Raissa Tarr
260 ## - PUBLICATION, DISTRIBUTION, ETC. (IMPRINT)
Place of publication, distribution, etc Paris :
Name of publisher, distributor, etc Ed. Gallimard
Date of publication, distribution, etc 1993
300 ## - PHYSICAL DESCRIPTION
Extent 349 p.
Dimensions 19 cm.
440 ## - SERIES STATEMENT/ADDED ENTRY--TITLE
Title (Collection Tel
Number of part/section of a work 129)
9 (RLIN) 7814
504 ## - BIBLIOGRAPHY, ETC. NOTE
Bibliography, etc comprend Index p. 340-349
630 ## - SUBJECT ADDED ENTRY--UNIFORM TITLE
Uniform title PHILOSOPHIE
9 (RLIN) 7815
650 ## - SUBJECT ADDED ENTRY--TOPICAL TERM
Topical term or geographic name as entry element Epistémologie : histoire : sciences
9 (RLIN) 7816
942 ## - ADDED ENTRY ELEMENTS (KOHA)
Koha item type Livre
Holdings
Withdrawn status Lost status Damaged status Not for loan Location (home branch) Sublocation or collection (holding branch) Date acquired Source of acquisition Koha issues (times borrowed) Koha full call number Koha date last seen Copy number Price effective from Koha item type
        Bibliothèque Universitaire Centrale Bibliothèque Universitaire Centrale   ACHAT   140.8 KOY 16/07/2010 1 16/07/2010 Livre


© 2008, Bibliothèques de l'Université d'Abomey-Calavi

04 BP 789 Cotonou, Tél. : +229 21 36 01 01, Fax : +229 21 35 06 32

Courriel : bu@bu.uac.bj